Gen z language - Quiz - Statistics

General Stats
  • This quiz has been taken 132 times
  • The average score is 12 of 14
Answer Stats
Question Answer % Correct
Something very weird, awkward cringe
98%
someone you don’t like, an enemy Opp
97%
Someone who is out of their mind, not thinking straight is… delulu
95%
An expression of finding something funny, abbreviation LMAO
95%
Something that is average, not that good mid
95%
being in a difficult / bad situation I’m cooked
86%
When something embarrassing/ bad happens to you L aura
86%
Calling someone to gossip Spill the tea
86%
well done You ate
81%
When you compare something, also used to show a positive/ negative reaction It’s giving / not giving
80%
an expression of excitement, also a big butt gyatt
76%
When you’re acting weird, you’re… Tweaking
73%
inappropriate freaky
69%
To tell someone to do something, not worrying about it further Do it for the plot
56%
No matching quizzes found
Score Distribution
Percent of People with Each Score
Percentile by Number Answered
Your Score History
You have not taken this quiz